| 000 | 00395nam a2200157 i 4500 | ||
|---|---|---|---|
| 001 | bg | ||
| 245 | 0 | _aFiziko-chimiceskaja mechanika i liofil'nost' dispersnych sistem. | |
| 250 | _aVyp. 14. | ||
| 260 |
_aKiev : _b"Naukova Dumka", _c1982. |
||
| 300 |
_as. 88 : _brys., tab. |
||
| 040 | _cBPK | ||
| 041 | _apol | ||
| 080 | _a541.18 | ||
| 942 | _cKS | ||
| 008 | s pl f |000 0 pol | ||
| 999 |
_c21080 _d21080 |
||